Napoleon Bonaparte's life - Statistics

General Stats
  • This quiz has been taken 63 times
  • The average score is 4 of 10
Answer Stats
Hint Answer % Correct
Where was he born? Corsica
91%
what country did he lead? France
70%
where was the battle of Marengo Italy
59%
His first wife Josephine
59%
what year did he take power? 1804
57%
his most untouchable enemy Great Britain
43%
how many coalitions in total? seven
28%
One of his bloodiest victories. Borodino
26%
One of his marshals. Marshal Ney
4%
First noticeable victory. Battle of Lodi
2%
No matching quizzes found
Score Distribution
Percent of People with Each Score
Percentile by Number Answered
Your Score History
You have not taken this quiz